01670nam a2200397Ii 4500001001200000003000800012008004100020006001900061007001500080035002200095040003100117020001800148050001900166100002900185245016300214264004900377300002300426336002600449337002600475338003600501347002100537347000800558504005100566588008300617600006700700650003200767655002200799791003600821793005100857776015600908856007201064910002901136942000801165952008001173999001901253DIGNOBUK417NyNyDIG220805s2014 ag ob 001 0 spa dm o d cr ||||||||||| a(OCoLC)1350506592 aDGITAbengerdaepncDGITA z978987360746214aNA737.W7 ebook1 aGentile, Mabel,eauthor.10aFrank L. Wright en el arte y la arquitectura del siglo XXI :bdos ensayos sobre el espacio arquitectónico, la composición y la máquina /cMabel Gentile. 1aBuenos Aires, Argentina :bDiseño,c[2014] a1 online resource. atextbtxt2rdacontent acomputerbc2rdamedia aonline resourcebcr2rdacarrier atext file2rdaft bPDF aIncludes bibliographical references and index.0 aOnline resource; title from PDF title page (Digitalia, viewed August 05, 2022)10aWright, Frank Lloyd,d1867-1959xCriticism and interpretation. 0aArchitecturey21th century. 0aElectronic books.2 aDigitalia (Firm),edistributor.0 gDigitalia eBook Collection:aEditorial Nobuko.08iPrint version:aGentile, Mabel.tFrank L. Wright en el arte y la arquitectura del siglo XXI.dBuenos Aires, Argentina : Diseño, [2014]z9789873607462403Digitalia Hispánicauhttps://www.digitaliapublishing.com/a/47701/ aPremium collection: 2022 cRAA 001040708DEHaBD-UINbBD-UINd2025-04-25l0r2025-04-25w2025-04-25yRAA c250458d250458